Project Runway Season 7 - Statistics

General Stats
  • This quiz has been taken 112 times
  • The average score is 11 of 16
Answer Stats
Place Finished Designer % Correct
Runner Up Emilio Sosa
100%
4th place Jay Nicolas Sario
100%
3rd place Mila Hermanovski
100%
Winner Seth Aaron Henderson
100%
5th place Anthony Williams
80%
6th place Jonathan Peters
80%
7th place Maya Luz
80%
8th place Amy Sarabi
60%
9th place Ben Chmura
60%
10th place Jesse LeNoir
60%
13th place Jesus Estrada
60%
14th place Ping Wu
60%
12th place Anna Lynett
40%
16th place Christiane King
40%
11th place Janeane Marie Ceccanti
40%
15th place Pamela Ptak
40%
No matching quizzes found
Score Distribution
Percent of People with Each Score
Percentile by Number Answered
Your Score History
You have not taken this quiz